Harbrace College Handbook

Guardado en:
Detalles Bibliográficos
Autor principal: Hodges, John C.
Otros Autores: Whitten, Mary E.
Formato: Libro
Lenguaje:inglés
Publicado: San Diego Harcourt Brace Jovanovich Pub. 1986
Edición:10. ed.
Etiquetas: Agregar Etiqueta
Sin Etiquetas, Sea el primero en etiquetar este registro!

MARC

LEADER 00000nam a2200000 4500
001 c024270
005 20221220071608.3
041 0 |a eng 
044 |a US 
245 1 0 |a Harbrace College Handbook  |c John C. Hodges, Mary E. Whitten 
250 |a 10. ed. 
264 1 |a San Diego  |b Harcourt Brace Jovanovich Pub.  |c 1986 
300 |a 553 s. 
100 1 |a Hodges, John C. 
700 1 |a Whitten, Mary E.